000 00454nam a2200181Ia 4500
001 10873
005 20260306161904.0
008 260306t2007||||xx |||||||||||||| ||spa||
041 _aESP
082 _a980
_bH59 V. 5
100 _aCarrera Damas, Germán
_eAUT
245 0 _aLa crisis estructural de las sociedades implantadas
260 _c2007
300 _a576 páginas :
_c25 cm.
650 _aGEN
654 _aCHU
942 _cLIB
_dJUS
_fJUS
_2ddc
_n
999 _c10873
_d10873